Word Ladder: Tennis Quiz Stats

 Plays Quiz Updated Mar 20, 2015

Challenge
Share
Tweet
Embed
Score 0/18 Timer 01:30
3 Plays Today
Hint 3-Letter Word % Correct
To finish first; gain victory◄WIN►
97.5%
To take a seatSIT
95.9%
An act that breaks religious principleSIN
92.9%
Half a dozen◄SIX►
92.1%
To drink a little at a timeSIP
89.6%
MLB team in Chicago or BostonSOX
85.1%
Superman's rival LuthorLEX
83.1%
To take small bitesNIP
79.4%
Items meant to be used together◄SET►
78%
Hint 3-Letter Word % Correct
CrySOB
75.8%
A high arching shot◄LOB►
75.1%
Call for a do-over serve◄LET►
75.1%
Nothing◄NIL►
74.9%
Smoked salmonLOX
72.8%
A malt beverage; variant of beerALE
71.3%
A serve that the opponent fails to touch◄ACE►
67.1%
To be ill; feel painAIL
60.4%
Score word when players have same points◄ALL►
60.3%

Today's Daily Dose

Word Ladder
Faux Pas

Quick Pick
Pacific Islands

On This Day
November 20th II

You're not logged in!

Compare scores with friends on all Sporcle quizzes.
Join for Free
OR
Log In

You Might Also Like...

Show Comments

Extras

Top Quizzes Today


Score Distribution

Your Account Isn't Verified!

In order to create a playlist on Sporcle, you need to verify the email address you used during registration. Go to your Sporcle Settings to finish the process.

Report this User

Report this user for behavior that violates our Community Guidelines.

Details: